Central Library OPAC University of Rajshahi

The psychology of insanity / (Record no. 1320)

MARC details
000 -LEADER
fixed length control field 00813cam a2200277 a 4500
001 - CONTROL NUMBER
control field 1320
003 - CONTROL NUMBER IDENTIFIER
rucl marc code BD-RjUL
005 - DATE AND TIME OF LATEST TRANSACTION
control field 20211208233321.0
008 - FIXED-LENGTH DATA ELEMENTS--GENERAL INFORMATION
fixed length control field 131125r19511931nyu 001 0 eng d
035 ## - SYSTEM CONTROL NUMBER
System control number (BD-RjUL)1342
System control number (OCoLC)1333233
040 ## - CATALOGING SOURCE
Original cataloging agency DLC
Transcribing agency NNCU-G
Modifying agency OCoLC
-- BD-RjUL
Language of cataloging eng
041 ## - LANGUAGE CODE
Language code of text/sound track or separate title eng
082 ## - DEWEY DECIMAL CLASSIFICATION NUMBER
Classification number 132.1
Edition number 16
Author mark and year HAP 1951
100 1# - MAIN ENTRY--PERSONAL NAME
Personal name Hart, Bernard,
Dates associated with a name 1879-
9 (RLIN) 3898
245 04 - TITLE STATEMENT
Title The psychology of insanity /
Statement of responsibility, etc. Bernard Hart .
250 ## - EDITION STATEMENT
Edition statement 4th ed.
260 ## - PUBLICATION, DISTRIBUTION, ETC. (IMPRINT)
Place of publication, distribution, etc. Cambridge [Eng.] :
Name of publisher, distributor, etc. University Press,
Date of publication, distribution, etc. c1931[Reprint 1951].
300 ## - PHYSICAL DESCRIPTION
Pagination xi, 191 p. ;
Size 17 cm.
504 ## - BIBLIOGRAPHY, ETC. NOTE
Bibliography, etc Bibliography: p. 183-184 and includes index.
650 #0 - SUBJECT ADDED ENTRY--TOPICAL TERM
Topical term or geographic name as entry element Mental illness.
9 (RLIN) 3859
Topical term or geographic name as entry element Psychology, Pathological.
9 (RLIN) 3705
942 ## - ADDED ENTRY ELEMENTS (KOHA)
Source of classification or shelving scheme Dewey Decimal Classification
Koha item type Books
Holdings
Lost status Source of classification or shelving scheme Damaged status Not for loan Collection code Permanent Location Current Location Shelving location Date acquired Source of acquisition Cost, normal purchase price Total Checkouts Full call number Date last seen Copy number Koha item type
  Dewey Decimal Classification     Non-fiction Central Library, University of Rajshahi Central Library, University of Rajshahi   09/04/1962 Asia Foundation 0.00   132.1 HAP 1951 25/11/2013 C-2 Books
  Dewey Decimal Classification     Non-fiction Central Library, University of Rajshahi Central Library, University of Rajshahi   07/02/1963 Zeitlinger 12.00   132.1 HAP 1958 08/04/2014 C-4 Books